00654nam a22001695i 4500001000700000003000900007005001700016008004100033040002000074100003400094245007400128260007700202300002100279490004200300830004200342852010000384160453ES-MaACL20260305133224.0040928s1853 fr |||| | fre d aCAM bspa cCAM aMusset, Alfred de,d1810-185710aMademoiselle Mimi Pinson b: profil de grisette / cAlfred de Musset. aParis : bEugène Didier, éditeur, c1853 (fImp. Simon Raón et C.) a94 p. ; c15 cm.1 aBibliothèque de l'esprit français0 aBibliothèque de l'esprit français aES-MaACLjT-233-F-1 z-- Enc. hol. q-- Falto de la cub. original z-- Enc. en un vol. facticio